| 000 | 00492nam a2200181Ia 4500 | ||
|---|---|---|---|
| 001 | 20511 | ||
| 005 | 20260306172811.0 | ||
| 008 | 260306t2000||||xx |||||||||||||| ||spa|| | ||
| 041 | _aESP | ||
| 082 |
_a343.334 _bD44L |
||
| 100 |
_aPerú. Defenoría del Pueblo _eAUT |
||
| 245 | 0 |
_aLa violencia sexual: _bun problema de seguridad ciudadana. Las voces de las víctima |
|
| 260 | _c2000 | ||
| 300 |
_a210 páginas : _c21 cm. |
||
| 650 | _aGEN | ||
| 654 | _aCDE | ||
| 942 |
_cLIB _dJUS _fJUS _2ddc _n |
||
| 999 |
_c20511 _d20511 |
||